00641cam a22002294a 45000010009000000050017000090080041000260100017000670200034000840400018001180410008001360420008001440800012001520820016001641000006001801010008001862450116001942460027003109060045003379420012003829990017003941303105320171220034030.0021216s2004 maua 001 0 eng  a 2002155909 a007243810X (hbk : alk. paper) aDLCcDLCdDLC aeng apcc a611 EDE00a611 EDE221 a7 aANA00aLaboratory atlas of anatomy and physiology /cDouglas J. Eder, Shari Lewis Kaminsky, John W. Bertram [editors].30aAnatomy and physiology a7bcbccorignewd1eecipf20gy-gencatlg 2ddccBK c39192d39192